East quilts West/ (Record no. 20822)

000 -LEADER
fixed length control field 01015pam a2200277 a 4500
001 - CONTROL NUMBER
control field 2977663
005 - DATE AND TIME OF LATEST TRANSACTION
control field 20170120142610.0
008 - FIXED-LENGTH DATA ELEMENTS--GENERAL INFORMATION
fixed length control field 920618s1992 caua 000 0 eng
010 ## - LIBRARY OF CONGRESS CONTROL NUMBER
LC control number 92024027
020 ## - INTERNATIONAL STANDARD BOOK NUMBER
International Standard Book Number 0913327379 :
Terms of availability $24.95
040 ## - CATALOGING SOURCE
Original cataloging agency DLC
Transcribing agency DLC
Modifying agency DLC
043 ## - GEOGRAPHIC AREA CODE
Geographic area code a-ja---
-- n-us---
050 00 - LIBRARY OF CONGRESS CALL NUMBER
Classification number NK9198
Item number .S8A4 1992
100 1# - MAIN ENTRY--PERSONAL NAME
Personal name Sudō, Kumiko.
245 10 - TITLE STATEMENT
Title East quilts West/
Statement of responsibility, etc. by Kumiko Sudo.
260 ## - PUBLICATION, DISTRIBUTION, ETC. (IMPRINT)
Place of publication, distribution, etc. Gualala, Calif. :
Name of publisher, distributor, etc. Quilt Digest Press,
Date of publication, distribution, etc. c1992.
300 ## - PHYSICAL DESCRIPTION
Extent 198 p. :
Other physical details ill. (some col.) ;
Dimensions 28 cm.
600 10 - SUBJECT ADDED ENTRY--PERSONAL NAME
Personal name Sudō, Kumiko
General subdivision Themes, motives.
650 #0 - SUBJECT ADDED ENTRY--TOPICAL TERM
Topical term or geographic name as entry element Quilts
Geographic subdivision Japan
General subdivision History
Chronological subdivision 20th century.
650 #0 - SUBJECT ADDED ENTRY--TOPICAL TERM
Topical term or geographic name as entry element Quilts
Geographic subdivision United States
General subdivision History
Chronological subdivision 20th century.
942 ## - ADDED ENTRY ELEMENTS (KOHA)
Source of classification or shelving scheme
Koha item type Hard Covered Materials
Classification part NK9198 .S8A4 1992
Holdings
Withdrawn status Lost status Source of classification or shelving scheme Damaged status Not for loan Home library Current library Shelving location Date acquired Source of acquisition Total Checkouts Full call number Barcode Date last seen Price effective from Koha item type
          MACHAKOS UNIVERSITY LIBRARY MACHAKOS UNIVERSITY LIBRARY Open shelf 20/01/2017 Donation(BFA)   NK9198 .S8A4 1992 31009 21/01/2017 20/01/2017 Hard Covered Materials
© Machakos University Library, Along The Highway, Machakos Wote Rd, Machakos, Kenya P.O. Box 136 - 90100 Machakos - Kenya

Tel: ( +254 ) 723 805829 OR Fax : 044-20353 OR Email: library@mksu.ac.ke